[Event "European Blitz 2016"]
[Site "Tallinn EST"]
[Date "2016.12.18"]
[Round "21.29"]
[White "Ruck, Robert"]
[Black "Lobanov, Sergei"]
[Result "1-0"]
[WhiteTitle "GM"]
[WhiteElo "2561"]
[BlackElo "2429"]
[WhiteFideId "705713"]
[BlackFideId "24183750"]
[EventDate "2016.12.17"]

1. Nf3 Nf6 2. c4 e6 3. Nc3 d5 4. d4 Be7 5. Bf4 O-O 6. e3 b6 7. Qc2 c5 8. dxc5
Bxc5 9. cxd5 Nxd5 10. Nxd5 Qxd5 11. a3 Bb7 12. Bd3 h6 13. O-O Qh5 14. Be2 Qf5
15. Qxf5 exf5 16. Rfd1 a5 17. Bd6 Rc8 18. Bxc5 Rxc5 19. Rd8+ Kh7 20. Rad1 Nc6
21. R8d7 Bc8 22. Rxf7 Be6 23. Rc7 Re8 24. Kf1 Bb3 25. Rb1 Re6 26. Nd2 Ba2 27.
Ra1 Bd5 28. Bd3 Kg6 29. g4 Ne7 30. Rxc5 bxc5 31. gxf5+ Nxf5 32. e4 1-0

[Event "European Blitz 2016"]
[Site "Tallinn EST"]
[Date "2016.12.18"]
[Round "21.30"]
[White "Narmontas, Matas"]
[Black "Huzman, Alexander"]
[Result "1/2-1/2"]
[WhiteTitle "IM"]
[BlackTitle "GM"]
[WhiteElo "2411"]
[BlackElo "2557"]
[WhiteFideId "12802204"]
[BlackFideId "2803828"]
[EventDate "2016.12.17"]

1. e4 e6 2. Nf3 d5 3. e5 Ne7 4. d4 c5 5. dxc5 Nec6 6. c4 Bxc5 7. cxd5 Qxd5 8.
Qxd5 exd5 9. Nc3 Be6 10. Bd3 Nd7 11. Bf4 h6 12. h4 O-O 13. O-O a6 14. Rad1 Rfd8
15. Bb1 Nb6 16. Rc1 Be7 17. Rfd1 Nc4 18. b3 Nb6 19. Be3 Nc8 20. Na4 Bg4 21. Bf4
Ba3 22. Rc3 N8e7 23. Nb6 Rab8 24. e6 Bxe6 25. Bxb8 Rxb8 26. Na4 Bb4 27. Rcc1 Ba3
28. Rc3 Bb4 29. Rcc1 Ba3 30. Rc3 Bb4 31. Rcc1 1/2-1/2

[Event "European Blitz 2016"]
[Site "Tallinn EST"]
[Date "2016.12.18"]
[Round "21.31"]
[White "Putka, Verners"]
[Black "Potkin, Vladimir"]
[Result "1-0"]
[BlackTitle "GM"]
[WhiteElo "2307"]
[BlackElo "2597"]
[WhiteFideId "11600659"]
[BlackFideId "4131061"]
[EventDate "2016.12.17"]

1. d4 d5 2. Nf3 Nf6 3. g3 c6 4. Bg2 Bf5 5. O-O e6 6. c4 Nbd7 7. Nc3 Be7 8. Nd2
O-O 9. e4 dxe4 10. Ndxe4 Nxe4 11. Nxe4 Qb6 12. c5 Qd8 13. Qb3 Bxe4 14. Bxe4 Nf6
15. Bf3 Qd7 16. Rd1 Rad8 17. Be3 Qc8 18. a4 Nd5 19. Qc4 a5 20. Rd3 Rd7 21. Rad1
g6 22. Bd2 Qc7 23. Bxd5 Rxd5 24. Qc3 Ra8 25. Bf4 Qd8 26. Qb3 Qd7 27. Qc3 Bf6 28.
h4 h5 29. Qd2 Ra6 30. Be3 b6 31. cxb6 Rxb6 32. Qc2 Rb4 33. Rc3 Bxd4 34. Rxc6
Bxe3 35. Rc8+ Kg7 36. Rxd5 Bxf2+ 37. Kxf2 Qxd5 38. Qc3+ e5 39. Rc5 Rxb2+ 40.
Qxb2 Qxc5+ 41. Kg2 Qd5+ 42. Kh2 Qd4 43. Qb5 Qc3 44. Qd5 Kf6 45. Qd8+ Kf5 46.
Qd7+ Kf6 47. Qd8+ Kg7 48. Qd5 Qc2+ 49. Kg1 Qc1+ 50. Kg2 Qc7 51. Kg1 Kf6 52. Kg2
Ke7 53. Kh2 f5 54. Qg8 Qc2+ 55. Kh3 f4 56. Qg7+ Ke6 57. Qg8+ Kd6 58. Qd8+ Ke6
59. Qg8+ Kf5 60. Qf7+ 1-0

[Event "European Blitz 2016"]
[Site "Tallinn EST"]
[Date "2016.12.18"]
[Round "22.1"]
[White "Vallejo Pons, Francisco"]
[Black "Andreikin, Dmitry"]
[Result "0-1"]
[WhiteTitle "GM"]
[BlackTitle "GM"]
[WhiteElo "2711"]
[BlackElo "2737"]
[WhiteFideId "2205530"]
[BlackFideId "4158814"]
[EventDate "2016.12.17"]

1. d4 d5 2. c4 c6 3. cxd5 cxd5 4. Nc3 Nf6 5. Bf4 Nc6 6. e3 a6 7. Be2 Bf5 8. Nf3
e6 9. Ne5 Nxe5 10. Bxe5 Nd7 11. Bg3 Be7 12. O-O O-O 13. Rc1 Rc8 14. Bd3 Bxd3 15.
Qxd3 Qa5 16. Rc2 Rc6 17. Rfc1 Rfc8 18. f3 Bb4 19. e4 Bxc3 20. bxc3 Nb6 21. h4
Qa3 22. Be1 Nc4 23. h5 h6 24. exd5 exd5 25. Rb1 Re6 26. Re2 Rce8 27. Rxe6 Rxe6
28. Bf2 b5 29. Qc2 Qe7 30. Kf1 Na3 31. Qb3 Nxb1 32. Qxb1 Qg5 33. g4 Qd2 34. Qf5
Qg5 35. Qc2 f5 36. gxf5 Rf6 37. Qe2 Qxh5 38. Kg2 Qxf5 39. Bg3 Rg6 40. Kf2 Qh3
41. Qe8+ Kh7 42. Qe5 Qxg3+ 0-1

[Event "European Blitz 2016"]
[Site "Tallinn EST"]
[Date "2016.12.18"]
[Round "22.2"]
[White "Leko, Peter"]
[Black "Mamedov, Rauf"]
[Result "0-1"]
[WhiteTitle "GM"]
[BlackTitle "GM"]
[WhiteElo "2693"]
[BlackElo "2688"]
[WhiteFideId "703303"]
[BlackFideId "13401653"]
[EventDate "2016.12.17"]

1. e4 c5 2. Nf3 Nc6 3. d4 cxd4 4. Nxd4 g6 5. c4 Bg7 6. Be3 Qb6 7. Nb5 Qa5+ 8.
N5c3 Nf6 9. Bd3 d6 10. f3 O-O 11. O-O Ne5 12. Be2 Be6 13. b3 Rfc8 14. Qd2 a6 15.
Na4 Qxd2 16. Nxd2 Nfd7 17. Rac1 Nc6 18. Nb1 Nd4 19. Nac3 b5 20. cxb5 axb5 21.
Bxb5 Nxb5 22. Nxb5 Rxc1 23. Rxc1 Rxa2 24. Nd4 Rb2 25. Nxe6 fxe6 26. Nd2 Kf7 27.
Kf1 d5 28. Rc7 d4 29. Bg5 h6 30. Rxd7 hxg5 31. Ke2 g4 32. Kd3 Ke8 33. Rb7 gxf3
34. gxf3 Be5 35. h3 Bf4 36. Nc4 Rf2 37. e5 g5 38. Kxd4 Rxf3 39. Rb8+ Kf7 40. b4
Rxh3 41. b5 Rb3 42. Ke4 Rb4 43. Kd3 g4 44. Kc3 Rb1 45. Kc2 Rc1+ 46. Kd3 g3 47.
b6 g2 0-1

[Event "European Blitz 2016"]
[Site "Tallinn EST"]
[Date "2016.12.18"]
[Round "22.3"]
[White "Movsesian, Sergei"]
[Black "Vitiugov, Nikita"]
[Result "1/2-1/2"]
[WhiteTitle "GM"]
[BlackTitle "GM"]
[WhiteElo "2673"]
[BlackElo "2726"]
[WhiteFideId "310204"]
[BlackFideId "4152956"]
[EventDate "2016.12.17"]

1. e4 e6 2. d4 d5 3. Nd2 c5 4. exd5 Qxd5 5. Ngf3 cxd4 6. Bc4 Qd6 7. O-O Nf6 8.
Nb3 Nc6 9. Nbxd4 Nxd4 10. Nxd4 a6 11. Re1 Qc7 12. Bf1 Be7 13. Qf3 O-O 14. Bf4
Bd6 15. Bxd6 Qxd6 16. Rad1 Qc7 17. c4 Bd7 18. b3 Rfd8 19. Qg3 Qxg3 20. hxg3 Kf8
21. f3 h5 22. Kf2 g6 23. Rd3 a5 24. Red1 Ke7 25. Be2 Be8 26. R3d2 Rdc8 27. Nc2
Bc6 28. Nd4 Be8 29. Nc2 Rc7 30. Ne1 Nd7 31. Nd3 a4 32. b4 Nb6 33. c5 Nd5 34. a3
Nc3 35. Rc1 Nxe2 36. Kxe2 Bb5 37. Ke3 Rd7 38. Ne5 Rxd2 39. Kxd2 Rd8+ 40. Ke3 Rd5
41. Nc4 f6 42. Nd6 Re5+ 43. Kd4 Rd5+ 44. Kc3 Bc6 45. Re1 e5 46. Nc8+ Kd8 47. Nd6
Ke7 48. Nc8+ Kd8 49. Nd6 Ke7 1/2-1/2

[Event "European Blitz 2016"]
[Site "Tallinn EST"]
[Date "2016.12.18"]
[Round "22.4"]
[White "Bologan, Victor"]
[Black "Saric, Ivan"]
[Result "1-0"]
[WhiteTitle "GM"]
[BlackTitle "GM"]
[WhiteElo "2640"]
[BlackElo "2652"]
[WhiteFideId "13900048"]
[BlackFideId "14508150"]
[EventDate "2016.12.17"]

1. d4 Nf6 2. c4 g6 3. Nc3 Bg7 4. e4 d6 5. Nge2 Nbd7 6. Ng3 e5 7. d5 h5 8. Bg5 h4
9. Nge2 Nc5 10. f3 a5 11. Qd2 Bd7 12. Nc1 Qe7 13. Nd3 Nxd3+ 14. Bxd3 h3 15. g3
b6 16. O-O-O Qf8 17. Kb1 Bh6 18. Rhf1 Bxg5 19. Qxg5 Qe7 20. Qd2 O-O 21. Rde1 Kg7
22. Nd1 c6 23. dxc6 Bxc6 24. Nc3 Nd7 25. f4 f6 26. Bc2 Nc5 27. f5 g5 28. g4 Rh8
29. Rf3 Rh4 30. Rg3 Rd8 31. Ree3 Rdh8 32. Qe2 Bb7 33. Qf1 Qf7 34. b3 a4 35. Kb2
axb3 36. axb3 Bc6 37. b4 Nd7 38. Bb3 Qe7 39. Qd1 Bb7 40. Rd3 d5 41. Nxd5 Bxd5
42. Rxd5 Nf8 43. c5 bxc5 44. bxc5 R8h7 45. Rd6 Qa7 46. Qd5 1-0

[Event "European Blitz 2016"]
[Site "Tallinn EST"]
[Date "2016.12.18"]
[Round "22.5"]
[White "Ponkratov, Pavel"]
[Black "Alekseev, Evgeny"]
[Result "1-0"]
[WhiteTitle "GM"]
[BlackTitle "GM"]
[WhiteElo "2607"]
[BlackElo "2632"]
[WhiteFideId "4157800"]
[BlackFideId "4138147"]
[EventDate "2016.12.17"]

1. d4 d5 2. c4 e6 3. Nc3 Bb4 4. e3 c5 5. a3 Bxc3+ 6. bxc3 Nf6 7. cxd5 exd5 8.
Bd3 O-O 9. Ne2 Bg4 10. f3 Bh5 11. Nf4 Bg6 12. Be2 Qc7 13. O-O Re8 14. g4 Rd8 15.
Qe1 Nc6 16. h4 h5 17. g5 Nh7 18. Nxg6 fxg6 19. Bd3 Nf8 20. Kg2 Rac8 21. Rb1 b6
22. Qg3 Qf7 23. Bd2 Ne7 24. a4 Nf5 25. Qf2 Ne6 26. a5 Rc6 27. axb6 axb6 28. Ra1
Rdc8 29. Ra2 Nd6 30. Rfa1 cxd4 31. cxd4 Nc4 32. Bb4 Re8 33. Ra7 Nxe3+ 34. Qxe3
Nf4+ 35. Kf2 Nh3+ 36. Kg3 Rxe3 37. Rxf7 Kxf7 38. Bb5 Rc2 39. Ra8 Re7 40. Bxe7 1-0

[Event "European Blitz 2016"]
[Site "Tallinn EST"]
[Date "2016.12.18"]
[Round "22.6"]
[White "Wojtaszek, Radoslaw"]
[Black "Ponomariov, Ruslan"]
[Result "1/2-1/2"]
[WhiteTitle "GM"]
[BlackTitle "GM"]
[WhiteElo "2749"]
[BlackElo "2709"]
[WhiteFideId "1118358"]
[BlackFideId "14103320"]
[EventDate "2016.12.17"]

1. Nf3 b6 2. c4 Bb7 3. Nc3 Nf6 4. g3 e6 5. Bg2 Bb4 6. Qc2 O-O 7. O-O c5 8. a3
Bxc3 9. Qxc3 d5 10. cxd5 Nxd5 11. Qc2 Nc6 12. b3 e5 13. Bb2 Re8 14. e3 Nf6 15.
d3 Qd7 16. Rfd1 Rad8 17. Rac1 h6 18. h3 Ba8 19. Bc3 a5 20. Qb2 Qe6 21. Nd2 Rxd3
22. Nc4 Rxd1+ 23. Rxd1 Ne7 24. Rd6 Qf5 25. g4 Nxg4 26. hxg4 Qxg4 27. f3 Bxf3 28.
Nxe5 Qxg2+ 29. Qxg2 Bxg2 30. Kxg2 Nf5 31. Rd3 f6 32. Nc4 b5 33. Nxa5 Nxe3+ 34.
Kf3 Nc2 35. Nb7 c4 36. bxc4 bxc4 37. Nd6 cxd3 38. Nxe8 Nxa3 39. Ke3 Nb5 40. Bxf6
gxf6 41. Nxf6+ Kg7 42. Ng4 h5 43. Ne5 Kf6 44. Ke4 1/2-1/2

[Event "European Blitz 2016"]
[Site "Tallinn EST"]
[Date "2016.12.18"]
[Round "22.7"]
[White "Andriasian, Zaven"]
[Black "Zhigalko, Sergei"]
[Result "0-1"]
[WhiteTitle "GM"]
[BlackTitle "GM"]
[WhiteElo "2621"]
[BlackElo "2671"]
[WhiteFideId "13302000"]
[BlackFideId "13502956"]
[EventDate "2016.12.17"]

1. e4 c5 2. Nf3 Nc6 3. Bb5 Nf6 4. Qe2 g6 5. O-O Bg7 6. c3 O-O 7. h3 e5 8. d3 d6
9. a4 h6 10. Nbd2 Na5 11. Bc4 Nh5 12. Nb3 Nxc4 13. dxc4 Be6 14. Be3 Qe8 15. Nh2
f5 16. Rfd1 Qf7 17. Nc1 Bxc4 18. Qe1 Rad8 19. f3 fxe4 20. fxe4 Nf4 21. Bxf4 exf4
22. Nf3 Rfe8 23. Nd3 g5 24. Nf2 d5 25. e5 Qf5 26. b3 Bxb3 27. Rdb1 c4 28. Qe2 b6
29. Re1 Qc2 30. Nd4 Qxe2 31. Rxe2 Rxe5 32. Rxe5 Bxe5 33. Nc6 Bxc3 34. Rc1 Bd2
35. Rb1 Re8 36. Ng4 Re1+ 37. Rxe1 Bxe1 38. Nd4 Bxa4 39. Nf6+ Kf7 40. Nxd5 Bd7
41. Kf1 Ba5 42. Ke2 b5 43. h4 b4 44. h5 b3 45. Kd1 Be6 0-1

[Event "European Blitz 2016"]
[Site "Tallinn EST"]
[Date "2016.12.18"]
[Round "22.8"]
[White "Plat, Vojtech"]
[Black "Riazantsev, Alexander"]
[Result "1-0"]
[WhiteTitle "IM"]
[BlackTitle "GM"]
[WhiteElo "2532"]
[BlackElo "2671"]
[WhiteFideId "325740"]
[BlackFideId "4125029"]
[EventDate "2016.12.17"]

1. e4 c6 2. d4 d5 3. Nd2 dxe4 4. Nxe4 Bf5 5. Ng3 Bg6 6. h4 h6 7. Nf3 Nd7 8. h5
Bh7 9. Bd3 Bxd3 10. Qxd3 e6 11. Bd2 Bd6 12. Ne4 Bc7 13. O-O-O Ngf6 14. Kb1 Nxe4
15. Qxe4 Nf6 16. Qe2 Qd5 17. c4 Qe4+ 18. Qxe4 Nxe4 19. Be3 f5 20. Rhf1 Nf6 21.
Rh1 Ne4 22. Nd2 Nf6 23. Nf3 Ng4 24. d5 Nxe3 25. fxe3 cxd5 26. cxd5 exd5 27. Rxd5
O-O 28. Nd4 f4 29. Ne6 Rf7 30. exf4 Bxf4 31. Rf1 Be3 32. Rxf7 Kxf7 33. Nd8+ Kf6
34. Nxb7 Rc8 35. a4 Rc1+ 36. Ka2 Rg1 37. Rd6+ Kf7 38. Rg6 Bg5 39. Nd6+ Kf8 40.
Nf5 Rxg2 41. Nxg7 Kf7 42. Nf5 Rg4 43. Nxh6+ 1-0

[Event "European Blitz 2016"]
[Site "Tallinn EST"]
[Date "2016.12.18"]
[Round "22.9"]
[White "Anton Guijarro, David"]
[Black "Bartel, Mateusz"]
[Result "1/2-1/2"]
[WhiteTitle "GM"]
[BlackTitle "GM"]
[WhiteElo "2650"]
[BlackElo "2641"]
[WhiteFideId "2285525"]
[BlackFideId "1112635"]
[EventDate "2016.12.17"]

1. d4 d5 2. c4 c6 3. Nf3 Nf6 4. e3 Bf5 5. Nc3 e6 6. Bd3 Bg6 7. O-O Nbd7 8. Qe2
Bb4 9. Bd2 dxc4 10. Bxg6 hxg6 11. Qxc4 Qa5 12. h3 Bxc3 13. Bxc3 Qf5 14. Nd2 O-O
15. f3 e5 16. e4 Qh5 17. Qe2 exd4 18. Bxd4 Rfe8 19. Qf2 c5 20. Bc3 Nb6 21. Rac1
Rad8 22. Rfd1 Na4 23. Bxf6 gxf6 24. Nc4 Rxd1+ 25. Rxd1 b5 26. Ne3 Nb6 27. Ng4
Kg7 28. Rd6 Re6 29. Rxe6 fxe6 30. Qd2 f5 31. exf5 Qxf5 32. Qc3+ Kh7 33. Nf6+ Kg7
34. Ne4+ Kh7 35. Qxc5 Qxc5+ 36. Nxc5 e5 37. b3 Kg7 38. Kf2 Kf6 39. h4 Kf5 40.
g4+ Kf6 41. Ke2 Nd5 42. Nd3 Nc3+ 43. Kd2 Nd5 44. b4 Nb6 45. Kc3 Ke6 46. Kb3 Nc4
47. a4 Nd2+ 48. Kc2 Nxf3 49. h5 gxh5 50. gxh5 bxa4 51. Nc5+ Kd5 52. h6 Ng5 53.
Nxa4 Kc4 54. Nc3 Kxb4 55. Nd5+ Kc4 56. Nf6 a5 57. h7 Nxh7 58. Nxh7 a4 59. Ng5 a3
60. Nf3 e4 61. Nd2+ Kd4 62. Nxe4 Kxe4 63. Kb3 Kd3 64. Kxa3 1/2-1/2

[Event "European Blitz 2016"]
[Site "Tallinn EST"]
[Date "2016.12.18"]
[Round "22.10"]
[White "Onischuk, Vladimir"]
[Black "Dzhumagaliev, Yan"]
[Result "1/2-1/2"]
[WhiteTitle "GM"]
[BlackTitle "FM"]
[WhiteElo "2601"]
[BlackElo "2400"]
[WhiteFideId "14114038"]
[BlackFideId "24100110"]
[EventDate "2016.12.17"]

1. e4 c5 2. Nf3 e6 3. b3 Nc6 4. Bb2 d6 5. d4 cxd4 6. Nxd4 Nf6 7. Nxc6 bxc6 8. e5
Ne4 9. Nd2 Qa5 10. Bd3 Nc3 11. Qf3 Nd5 12. a3 dxe5 13. c4 Ne7 14. b4 Qc7 15. O-O
Ng6 16. Rfe1 Bb7 17. c5 Be7 18. Bxg6 hxg6 19. Bxe5 Qd8 20. Nc4 O-O 21. Rad1 Qc8
22. Nd6 Bxd6 23. Bxd6 Re8 24. Qg3 a5 25. Rd4 axb4 26. axb4 e5 27. Rh4 Qf5 28. h3
f6 29. Rhe4 g5 30. h4 gxh4 31. Rxh4 Bc8 32. Qh2 Be6 33. Rh5 Qg6 34. Rh8+ Kf7 35.
Rxe8 Rxe8 36. f3 Bd5 37. Qh3 Be6 38. Qh4 Ra8 39. Re2 Ra1+ 40. Kf2 Rb1 41. Qe4
Qxe4 42. Rxe4 Rb2+ 43. Kg1 g5 44. Bc7 Bd5 45. Re1 Rxb4 46. Ra1 Rb7 47. Bb6 Kg6
48. Ra7 Rxa7 49. Bxa7 Kf5 50. Kf2 e4 51. fxe4+ Kxe4 52. Bb8 1/2-1/2

[Event "European Blitz 2016"]
[Site "Tallinn EST"]
[Date "2016.12.18"]
[Round "22.11"]
[White "Matlakov, Maxim"]
[Black "Grigoriants, Sergey"]
[Result "1-0"]
[WhiteTitle "GM"]
[BlackTitle "GM"]
[WhiteElo "2694"]
[BlackElo "2563"]
[WhiteFideId "4168003"]
[BlackFideId "4130804"]
[EventDate "2016.12.17"]

1. Nf3 Nf6 2. g3 g6 3. Bg2 Bg7 4. O-O O-O 5. d4 d6 6. c4 Nbd7 7. Nc3 e5 8. e4
Re8 9. Re1 exd4 10. Nxd4 Nc5 11. f3 c6 12. b4 Ne6 13. Be3 a5 14. b5 Qc7 15. Rc1
Nc5 16. Qd2 Nfd7 17. f4 Nb6 18. Qe2 Bd7 19. Qf1 Nba4 20. Nxa4 Nxa4 21. Bf2 Nc5
22. bxc6 bxc6 23. e5 dxe5 24. Nb5 cxb5 25. cxb5 Rac8 26. Rxc5 Qb8 27. b6 exf4
28. Rxc8 Rxc8 29. gxf4 Bc6 30. Bxc6 Rxc6 31. Qb5 Rc8 32. b7 Rd8 33. f5 Bf6 34.
Bg3 Qa7+ 35. Kh1 1-0

[Event "European Blitz 2016"]
[Site "Tallinn EST"]
[Date "2016.12.18"]
[Round "22.12"]
[White "Munoz, Miguel"]
[Black "Jovanovic, Zoran"]
[Result "0-1"]
[WhiteTitle "GM"]
[BlackTitle "GM"]
[WhiteElo "2473"]
[BlackElo "2534"]
[WhiteFideId "3800229"]
[BlackFideId "14505320"]
[EventDate "2016.12.17"]

1. e4 d5 2. exd5 Qxd5 3. Nf3 Bg4 4. Be2 Nc6 5. d4 O-O-O 6. Be3 e5 7. Nc3 Bb4 8.
O-O Bxc3 9. bxc3 Qd6 10. Ng5 Bxe2 11. Qxe2 Qg6 12. dxe5 Nxe5 13. f4 Nc6 14. Rab1
Nge7 15. Qb5 b6 16. a4 h6 17. Nf3 Qxc2 18. a5 Qd3 19. Qxd3 Rxd3 20. Bd4 f6 21.
axb6 axb6 22. Rfe1 Nf5 23. Bf2 Rxc3 24. Re6 Rd8 25. Be1 Rc4 26. Nd2 Rc2 27. Nf1
Nfd4 28. Re4 Ne2+ 29. Kh1 Nc3 30. Bxc3 Rxc3 31. Ng3 Rcd3 32. Kg1 Rd1+ 33. Rxd1
Rxd1+ 34. Kf2 b5 35. Nf5 Rd7 36. h4 b4 37. Rc4 Kb7 38. Ne3 Kb6 39. h5 Kb5 40.
Rc1 Na5 41. Ke2 c5 42. Kf3 c4 43. Ke4 b3 44. Nd1 Kb4 45. Nc3 b2 46. Rc2 Kb3 0-1

[Event "European Blitz 2016"]
[Site "Tallinn EST"]
[Date "2016.12.18"]
[Round "22.13"]
[White "Cvitan, Ognjen"]
[Black "Sychev, Klementy"]
[Result "1-0"]
[WhiteTitle "GM"]
[BlackTitle "IM"]
[WhiteElo "2491"]
[BlackElo "2453"]
[WhiteFideId "14500086"]
[BlackFideId "4114060"]
[EventDate "2016.12.17"]

1. d4 Nf6 2. c4 g6 3. Nc3 d5 4. cxd5 Nxd5 5. e4 Nxc3 6. bxc3 Bg7 7. Bc4 c5 8.
Ne2 Nc6 9. Be3 O-O 10. O-O Na5 11. Bd3 b6 12. Qd2 e5 13. Bg5 Qd7 14. Bh6 cxd4
15. Bxg7 Kxg7 16. cxd4 exd4 17. Rac1 Nb7 18. Bc4 Nc5 19. Bd5 Bb7 20. Qxd4+ f6
21. Rfd1 Rfe8 22. Nc3 Rad8 23. f3 Qe7 24. Qf2 Ba6 25. Qe3 Rc8 26. h4 h5 27. Bb3
Bb7 28. Rd4 Red8 29. Bd5 Ne6 30. Rdd1 Qc5 31. Kf2 Qxe3+ 32. Kxe3 Bxd5 33. Nxd5
Nc5 34. Rc4 Kf7 35. a4 f5 36. a5 fxe4 37. fxe4 b5 38. Rcd4 Ne6 39. R4d2 a6 40.
Nb4 Rc3+ 41. Kf2 Rxd2+ 42. Rxd2 Nc5 43. Kg1 Nxe4 44. Rd7+ Ke6 45. Ra7 Kf5 46.
Rxa6 Ra3 47. Ra8 Kg4 48. Kh2 Nd2 49. a6 Ra4 50. a7 Ra1 51. Nc6 Nf1+ 52. Kg1 Ng3+
53. Kf2 Ra2+ 54. Ke1 Ra1+ 55. Kd2 Ne4+ 56. Kc2 Ra2+ 57. Kb3 Ra6 58. Rg8 Nc5+ 59.
Kc2 Kxh4 60. a8=Q Rxa8 61. Rxa8 Kg3 62. Rg8 Kxg2 63. Rxg6+ Kf3 64. Nd4+ Kf4 65.
Ne2+ Kf5 66. Rh6 Kg5 67. Rb6 Ne4 68. Rxb5+ Kg4 69. Rb4 Kf3 70. Nd4+ Kf4 71. Kd3
Nf6 72. Ne2+ Kg5 73. Kd2 h4 74. Ke1 Nd7 75. Kf2 Ne5 76. Kg2 Nd3 77. Rd4 Ne1+ 78.
Kf2 Nc2 79. Rc4 Na3 80. Rc5+ Kg4 81. Ng1 Kf4 82. Rc3 Nb5 83. Rc4+ 1-0

[Event "European Blitz 2016"]
[Site "Tallinn EST"]
[Date "2016.12.18"]
[Round "22.14"]
[White "Halkias, Stelios"]
[Black "Naiditsch, Arkadij"]
[Result "1/2-1/2"]
[WhiteTitle "GM"]
[BlackTitle "GM"]
[WhiteElo "2585"]
[BlackElo "2687"]
[WhiteFideId "4201809"]
[BlackFideId "4650891"]
[EventDate "2016.12.17"]

1. e4 c5 2. Nf3 Nc6 3. Bb5 Nf6 4. Bxc6 dxc6 5. d3 g6 6. h3 Bg7 7. O-O O-O 8. Nc3
Nd7 9. Be3 e5 10. Qd2 Qe7 11. Nh2 Re8 12. f4 exf4 13. Bxf4 Nf8 14. Bh6 Bd4+ 15.
Kh1 Be6 16. Rae1 c4 17. Nf3 Bh8 18. d4 b5 19. d5 Bd7 20. dxc6 Bxc6 21. Nd5 Bxd5
22. exd5 Qd7 23. Ng5 Rxe1 24. Qxe1 Re8 25. Qg3 f5 26. Bxf8 Rxf8 27. Ne6 Re8 28.
Rxf5 Bxb2 29. Qg5 Ba3 30. h4 Rxe6 31. dxe6 Qd1+ 32. Kh2 Bd6+ 33. Rf4 Qd2 34.
Qd8+ Kg7 35. Qf6+ Kh6 36. Qg5+ Kg7 37. Qf6+ Kh6 38. Qg5+ Kg7 39. Qf6+ Kh6 40.
Qg5+ 1/2-1/2

[Event "European Blitz 2016"]
[Site "Tallinn EST"]
[Date "2016.12.18"]
[Round "22.15"]
[White "Rakhmanov, Aleksandr"]
[Black "Kobalia, Mikhail"]
[Result "0-1"]
[WhiteTitle "GM"]
[BlackTitle "GM"]
[WhiteElo "2667"]
[BlackElo "2628"]
[WhiteFideId "4173708"]
[BlackFideId "4119150"]
[EventDate "2016.12.17"]

1. c4 f5 2. d4 Nf6 3. Nc3 d6 4. Bg5 Nbd7 5. e3 g6 6. h4 h6 7. Bxf6 Nxf6 8. Nh3
e5 9. Qc2 Bg7 10. O-O-O Qe7 11. Bd3 O-O 12. h5 e4 13. Be2 g5 14. Kb1 c6 15. Rde1
Be6 16. f4 g4 17. Nf2 d5 18. cxd5 cxd5 19. Rh4 a6 20. Nh1 b5 21. Ng3 Rfc8 22.
Qd2 Qd7 23. Bd1 a5 24. Rhh1 Ne8 25. Be2 Nd6 26. Rc1 b4 27. Nd1 Rxc1+ 28. Qxc1
Rc8 29. Qd2 Nc4 30. Bxc4 dxc4 31. Rf1 Qd5 32. Rf2 Bf8 33. Qc2 Bd7 34. Rd2 a4 35.
Qc1 Be6 36. Rc2 c3 37. bxc3 b3 38. Rd2 bxa2+ 39. Ka1 a3 40. Rc2 Rb8 41. c4 Rb1+ 0-1

[Event "European Blitz 2016"]
[Site "Tallinn EST"]
[Date "2016.12.18"]
[Round "22.16"]
[White "Zubritskiy, Artyom"]
[Black "Pavlidis, Antonios"]
[Result "0-1"]
[WhiteTitle "IM"]
[BlackTitle "GM"]
[WhiteElo "2442"]
[BlackElo "2532"]
[WhiteFideId "4181247"]
[BlackFideId "4212312"]
[EventDate "2016.12.17"]

1. d4 Nf6 2. c4 g6 3. Nf3 Bg7 4. g3 O-O 5. Bg2 d6 6. O-O Nc6 7. Nc3 e5 8. d5 Nb8
9. Ne1 a5 10. e4 Na6 11. Nd3 Nd7 12. f4 exf4 13. gxf4 Ndc5 14. Be3 b6 15. Nxc5
bxc5 16. Qd2 Rb8 17. Rae1 Qh4 18. Bf2 Qh5 19. Bg3 Re8 20. b3 Bh3 21. Nb5 Bxg2
22. Kxg2 Re7 23. Na7 Rbe8 24. e5 Nb8 25. Qxa5 dxe5 26. Qxc5 Bf8 27. Qf2 e4 28.
f5 e3 29. Qf3 e2 30. Rf2 Qxf3+ 31. Rxf3 gxf5 32. Nb5 Na6 33. Nd4 Re4 34. Nxf5
Bb4 35. Nh6+ Kg7 36. Nf5+ Kf8 37. Nh6 R8e7 38. Nf5 Bxe1 39. Bxe1 R7e5 40. Ng3
Rd4 41. Kf2 Rh4 42. Kg2 Ke8 43. Rf2 Rg4 44. Kf3 Rh4 45. Nxe2 Rh3+ 46. Kg2 Rhe3
47. Kf1 Nc5 48. Bd2 Rd3 49. Nf4 Rd4 50. Bc3 Rd1+ 51. Kg2 Rg5+ 52. Kf3 Kd7 53.
Re2 Rf1+ 54. Rf2 Rxf2+ 55. Kxf2 Ne4+ 0-1

[Event "European Blitz 2016"]
[Site "Tallinn EST"]
[Date "2016.12.18"]
[Round "22.17"]
[White "Navara, David"]
[Black "Marin, Mihail"]
[Result "1-0"]
[WhiteTitle "GM"]
[BlackTitle "GM"]
[WhiteElo "2725"]
[BlackElo "2539"]
[WhiteFideId "309095"]
[BlackFideId "1200020"]
[EventDate "2016.12.17"]

1. e4 e5 2. Nf3 Nc6 3. Bb5 a6 4. Ba4 Nf6 5. d3 d6 6. c3 Be7 7. Nbd2 O-O 8. O-O
b5 9. Bc2 Bb7 10. d4 Re8 11. Re1 Bf8 12. d5 Ne7 13. Nf1 Ng6 14. a4 h6 15. b3 c6
16. c4 b4 17. dxc6 Bxc6 18. Ng3 Nd7 19. Nf5 Nc5 20. a5 Rb8 21. Bd2 Nf4 22. N3d4
Bd7 23. Bxf4 exf4 24. Ne2 g6 25. Nxd6 Re6 26. Nxf7 Kxf7 27. Nxf4 Re5 28. Nd5 Kg8
29. Qd4 Re6 30. f4 Rc8 31. f5 Bg7 32. Qf2 Nxe4 33. Bxe4 Rxe4 34. Rxe4 Bxf5 35.
Ne7+ Kh7 36. Nxf5 Bxa1 37. Ne7 Rc7 38. Qf7+ Bg7 39. Qxg6+ Kh8 40. Nd5 Rc8 41.
Re7 Qg8 42. Nf6 1-0

[Event "European Blitz 2016"]
[Site "Tallinn EST"]
[Date "2016.12.18"]
[Round "22.18"]
[White "Bortnyk, Olexandr"]
[Black "Meskovs, Nikita"]
[Result "1/2-1/2"]
[WhiteTitle "GM"]
[BlackTitle "IM"]
[WhiteElo "2581"]
[BlackElo "2489"]
[WhiteFideId "14120828"]
[BlackFideId "11602740"]
[EventDate "2016.12.17"]

1. d4 Nf6 2. Nc3 d5 3. Bf4 a6 4. e3 e6 5. Nf3 Bd6 6. Ne5 c5 7. dxc5 Bxc5 8. Qf3
Nc6 9. O-O-O O-O 10. Bd3 Nxe5 11. Bxe5 Nd7 12. Qh3 f5 13. Bf4 Qf6 14. g4 Bb4 15.
gxf5 Ne5 16. Bxe5 Qxe5 17. fxe6 g6 18. f4 Qxe6 19. Qxe6+ Bxe6 20. Rhg1 Rac8 21.
Ne2 Bc5 22. Rg3 Rce8 23. Kd2 b5 24. c3 b4 25. Nd4 bxc3+ 26. bxc3 Bf7 27. Rb1 Rb8
28. Rgg1 Kg7 29. Rxb8 Rxb8 30. Rb1 Rxb1 31. Bxb1 Kf6 32. Bd3 a5 33. Nc6 a4 34.
Nd4 h5 35. Bc2 a3 36. Ke2 g5 37. fxg5+ Kxg5 38. Kf3 Bd6 39. Kg2 Be8 40. Bb3 Bf7
41. e4 Kf4 42. Bxd5 Be8 43. Ne6+ Ke3 44. Ng7 Bg6 45. Nf5+ Bxf5 46. exf5 Be5 47.
c4 Kf4 48. Be6 Bd4 49. h4 Ke4 50. Kh3 Kf4 51. Bd7 Ke4 52. Kg3 Be5+ 53. Kg2 Bd4
54. Kf1 Bf6 55. c5 Kd5 56. c6 Kd6 57. Ke2 Bxh4 58. Kf3 Bf6 59. Kf4 Bd8 60. Be8
Bf6 61. Ke4 Bd8 62. Kd3 Be7 63. Ke3 Bf6 64. Ke4 Bd8 65. c7 Bxc7 66. f6 Bd8 67.
Kf5 h4 68. Bb5 h3 69. Bf1 h2 70. Bg2 Kc5 71. Ke6 Bxf6 72. Kxf6 Kb4 73. Kg5 Kc3
74. Kh4 Kb2 75. Kg3 Kxa2 76. Kxh2 Kb2 77. Bd5 a2 78. Bxa2 Kxa2 1/2-1/2